[Event "IRQ-ch"]
[Site "Baghdad"]
[Date "2022.08.28"]
[Round "9"]
[White "Mohammed, Ali Adnan"]
[Black "Rasoul, Salman Jmoah"]
[Result "1-0"]
[WhiteElo "1831"]
[BlackElo "1942"]
[PlyCount "45"]
[EventDate "2022.08.24"]
[EventType "swiss"]
[EventRounds "9"]
[EventCountry "IRQ"]
[SourceTitle "CBM 210 Extra"]
[Source "ChessBase"]
[SourceDate "2022.11.30"]
[SourceVersion "1"]
[SourceVersionDate "2022.11.30"]
[SourceQuality "1"]

1. d4 Nf6 2. c4 g6 3. Nc3 Bg7 4. Nf3 0-0 5. e3 d6 6. h3 Nbd7 7. Be2 e5 8. 0-0 Re8 9. Qc2 a6 10. Re1 Rb8 11. a4 c6 12. dxe5 Nxe5 13. Nxe5 Rxe5 14. e4 Qc7 15. Bf4 Re6 16. c5 Ne8 17. Bg4 Rf6 18. cxd6 Nxd6 19. Nd5 Qa5 20. Nxf6+ Bxf6 21. Bxd6 Ra8 22. Bxc8 Rxc8 23. e5 1-0

[Event "Arab-ch U18"]
[Site "Djerba"]
[Date "2016.07.24"]
[Round "3.1"]
[White "Ouaret, Abdelouhab"]
[Black "Mohammed, Ali Adnan"]
[Result "1-0"]
[WhiteElo "2121"]
[BlackElo "1652"]
[PlyCount "77"]
[EventDate "2016.07.23"]
[EventType "swiss"]
[EventRounds "9"]
[EventCountry "TUN"]
[SourceTitle "EXT 2024"]
[Source "ChessBase"]
[SourceDate "2023.10.10"]
[SourceVersion "1"]
[SourceVersionDate "2023.10.10"]
[SourceQuality "1"]

1. Nf3 Nf6 2. c4 c6 3. g3 e6 4. Bg2 d5 5. Qc2 Nbd7 6. 0-0 Be7 7. d4 0-0 8. Nbd2 b6 9. b3 Bb7 10. Bb2 Rc8 11. Rac1 c5 12. Qb1 Re8 13. Rfd1 cxd4 14. Nxd4 Bc5 15. e3 Qe7 16. Nb5 a6 17. Nc3 Rc7 18. cxd5 Nxd5 19. Nxd5 Bxd5 20. Bxd5 exd5 21. Qd3 Ne5 22. Qxd5 Rd7 23. Qxe5 Qxe5 24. Bxe5 Rxe5 25. Nc4 Red5 26. Rxd5 Rxd5 27. Rc2 Kf8 28. Kg2 Ke7 29. h3 b5 30. Nd2 Bb4 31. Nf3 Kd6 32. g4 Rc5 33. Rxc5 Kxc5 34. Ne5 Bc3 35. Nd3+ Kd5 36. Kf3 a5 37. Ke2 g5 38. f3 Bf6 39. Kd2 1-0